| 000 | 01604nam a2200373Ia 4500 | ||
|---|---|---|---|
| 001 | ebr10614724 | ||
| 003 | CaPaEBR | ||
| 006 | m u | ||
| 007 | cr cn||||||||| | ||
| 008 | 120511s2012 gau sb 000 0 eng | ||
| 010 | _z 2012019072 | ||
| 020 | _z9781589836921 (paper binding : alk. paper) | ||
| 020 | _z9781589836938 (electronic format) | ||
| 040 |
_aCaPaEBR _cCaPaEBR |
||
| 035 | _a(OCoLC)843046193 | ||
| 050 | 1 | 4 |
_aBM488.T5 _bS38 2012eb |
| 082 | 0 | 4 |
_a296.1/55 _223 |
| 100 | 1 |
_aSchuller, Eileen M., _d1946- |
|
| 245 | 1 | 4 |
_aThe Hodayot (Thanksgiving Psalms) _h[electronic resource] : _ba study edition of 1QHa / _cEileen M. Schuller and Carol A. Newsom. |
| 260 |
_aAtlanta : _bSociety of Biblical Literature, _cc2012. |
||
| 300 | _aix, 110 p. | ||
| 490 | 1 |
_aSociety of Biblical Literature : early Judaism and its literature ; _vno. 36 |
|
| 500 | _aThe Lucius N. Littauer Book Fund. | ||
| 504 | _aIncludes bibliographical references. | ||
| 533 |
_aElectronic reproduction. _bPalo Alto, Calif. : _cebrary, _d2011. _nAvailable via World Wide Web. _nAccess may be limited to ebrary affiliated libraries. |
||
| 546 | _aText in Hebrew with English translation. | ||
| 630 | 0 | 0 |
_aThanksgiving Psalms _xCriticism, interpretation, etc. |
| 630 | 0 | 0 | _aDead Sea scrolls. |
| 655 | 7 |
_aElectronic books. _2local |
|
| 700 | 1 |
_aNewsom, Carol A. _q(Carol Ann), _d1950- |
|
| 710 | 2 | _aebrary, Inc. | |
| 830 | 0 |
_aEarly Judaism and its literature ; _vno. 36. |
|
| 856 | 4 | 0 |
_uhttp://site.ebrary.com/lib/rucke/Doc?id=10614724 _zAn electronic book accessible through the World Wide Web; click to view |
| 999 |
_c100270 _d100270 |
||